Chuồn chuồn đi học

Αποθηκεύτηκε σε:
Λεπτομέρειες βιβλιογραφικής εγγραφής
Κύριος συγγραφέας: Phan Ngọc Quang
Μορφή: Βιβλίο
Έκδοση: Đồng Tháp Hội Văn học nghệ thuật Đồng Tháp 1998
Θέματα:
Ετικέτες: Προσθήκη ετικέτας
Δεν υπάρχουν, Καταχωρήστε ετικέτα πρώτοι!
Thư viện lưu trữ: Trung tâm Học liệu Lê Vũ Hùng, Trường Đại học Đồng Tháp
LEADER 00707pam a22002058a 4500
001 00020508
005 20171026081025.0
008 110518s1998 ||||||Viesd
041 0 # |a Vie 
082 1 4 |a 895.922 1  |b CH517CH 
100 0 # |a Phan Ngọc Quang 
245 0 0 |a Chuồn chuồn đi học  |c Phan Ngọc Quang 
260 # # |a Đồng Tháp  |b Hội Văn học nghệ thuật Đồng Tháp  |c 1998 
300 # # |a 59 tr.  |b Ảnh màu  |c 19 cm. 
650 # 4 |a Văn học Việt Nam 
653 # # |a Thơ thiếu nhi 
852 # # |b Kho đọc  |j KD.0006032 
852 # # |j KD.0006032 
910 0 # |a Hoa Lê  |d 18/05/2011 
980 # # |a Trung tâm Học liệu Lê Vũ Hùng, Trường Đại học Đồng Tháp